000 00490nam a2200181 a 4500
003 DO-SdBNP
005 20211018154406.0
007 ta
008 211018e2018 dr ||||gr|||| 001 edpa d
020 _a9789945912869
040 _aDO-SdBNP
_bspa
_cBNPHU
082 4 _222
_bB428p
100 1 _aBelén, Malaquías
_d1977 -
_980258
245 1 0 _aProcesado para subir de nivel /
_cMalaquias Belen
260 _aSanto Domingo :
_bLibertad,
_c2018
300 _a128 p. ;
_c21 cm.
942 _2ddc
_cLBS1
999 _c50767
_d50767